Kowieński marszałek, grodzieński gubernator

Titel: Kowieński marszałek, grodzieński gubernator : kresowe początki kariery politycznej Piotra Stołypina (1889-1903) / Roman Jurkowski
Verfasser:
Veröffentlicht: Olsztyn : Wydawnictwo Uniwersytetu Warmińsko-Mazurskiego, 2015
Umfang: 615 Seiten ; 25 cm
Format: Buch
Sprache: Polnisch
Schlagworte:
ISBN: 8372999503 ; 9788372999504
Buchumschlag
X
Lokale Klassifikation: 38 7 J
alg: 38193264
001A    $03004:24-06-16 
001B    $01999:09-06-23 $t23:05:57.000 
001C    $03004:25-08-16 $t13:26:22.000 
001D    $03004:25-08-16 
001U    $0utf8 
001X    $00 
002@    $0Aau 
002C    $aText $btxt $2rdacontent 
002D    $aohne Hilfsmittel zu benutzen $bn $2rdamedia 
002E    $aBand $bnc $2rdacarrier 
003@    $0381932648 
004A    $083-7299-950-3 
004A    $A978-83-7299-950-4 
007A    $0381932648 $aHEB 
007G    $0DE0200556E27B29EAA94CC125802E002A61C4 
009P    $qapplication/pdf $A2 $3Inhaltsverzeichnis $uhttp://scans.hebis.de/HEBCGI/show.pl?38193264_toc.pdf $mV:DE-603;B:DE-Mb50 
010@    $apol 
010E    $erda 
011@    $a2015 
021A    $a@Kowieński marszałek, grodzieński gubernator $dkresowe początki kariery politycznej Piotra Stołypina (1889-1903) $hRoman Jurkowski 
028A    $#Jurkowski, Roman Stanisław $#Jurkoŭski, Raman $#Jurkovskij, Roman $#Юрковский, Роман $D20220215 $Ecgwrk $71128237482 $8Jurkowski, Roman$Z1956- [Tp3] $9400729547 
033A    $pOlsztyn $nWydawnictwo Uniwersytetu Warmińsko-Mazurskiego 
034D    $a615 Seiten 
034I    $a25 cm 
037A    $aLitauische und russische Zusammenfassung 
044K    $#Stolypin, Petr Arkadʹevich $#Stolypin, P. $#Stolypin, P. A. $#Stolypin, Petr Arkadʹevich $#Stolypin, Pyotr Arkadevich $#Stolypin, Pyotr Arkadievich $#Stolypine, Piotr Arkadievitch $#Stolypin, Petr Arkad'evič $#Stolypin, P A. $#Stolypin, Petr A. $#Stolypin, Petr $#Stolypine, Piotr $#Stolipin, Piotr A. $#Stolypin, Pjotr A. $#Stolypin, Pjotr Arkadjewitsch $#Stolypin, Petr Arkadʹevič $#Stolypin, P. A. $#Столыпин, Пётр Аркадьевич $7118618636 $8Stolypin, Pëtr Arkadʹevič$Z1862-1911 [Tp1] $9086959581 
044K    $#Kaunas $#Kowno $#Kauen Litauen $#Kovno $#Kauen $#Kaunus $#Kowna $#קובנא $74217158-1 $8Kaunas [Tg1] $9086119346 
044K    $74533466-3 $8Grodno$gGouvernement [Tg1] $9089387007 
044K    $RPolitikerin $#Politicians $#Hommes politiques $#Hommes d'État $#Politici $#Políticos $#Politiker $#Politiker $#Staatsmann $74046517-2 $8Politiker [Ts1] $9085129852 
044K    $RBeamtin $#Beamte $#Beamtentum $#Beamter $#Berufsbeamter $#Staatsbeamter $#Beamtentum $#Berufsbeamtentum $#Beamte $74005081-6 $8Beamter [Ts1] $9085005568 
045F    $a900.943809034 $eDDC23BSB 
045F/01 $a900 
045F/03 $f09034 
045F/03 $f09041 
045F/03 $g438 
045R    $aGeschichte 1889-1903 

lok: 38193264 24
101B    $025-08-16 $t13:31:23.000 
101C    $025-08-16 
101U    $0utf8 
145Z/01 $a38 7 J 

exp: 38193264 24 1 #EPN
201B/01 $025-08-16 $t13:31:23.000 
201C/01 $024-06-16 
201U/01 $0utf8 
203@/01 $0776615521 
208@/01 $a25-08-16 $bz 
209A/01 $a16.06129 $du $f050 $h16 06129 $x00 
209C/01 $a16.06129 K $h16 06129 K 
209G/01 $a73849616 $x00 
220C/01 $awal 
244Z/01 $#Stolypin, Petr Arkadʹevich $#Stolypin, P. $#Stolypin, P. A. $#Stolypin, Petr Arkadʹevich $#Stolypin, Pyotr Arkadevich $#Stolypin, Pyotr Arkadievich $#Stolypine, Piotr Arkadievitch $#Stolypin, Petr Arkad'evič $#Stolypin, P A. $#Stolypin, Petr A. $#Stolypin, Petr $#Stolypine, Piotr $#Stolipin, Piotr A. $#Stolypin, Pjotr A. $#Stolypin, Pjotr Arkadjewitsch $#Stolypin, Petr Arkadʹevič $#Stolypin, P. A. $#Столыпин, Пётр Аркадьевич $7118618636 $8--Tp1--Stolypin, Pëtr Arkadʹevič$Z1862-1911 $x01 $9086959581 
247C/01 $8358050-7 Marburg, Bibliothek des Herder-Instituts Marburg $9102600961 

lok: 38193264 78

exp: 38193264 78 1 #EPN
201B/01 $028-08-18 $t16:45:22.000 
201C/01 $028-08-18 
201U/01 $0utf8 
203@/01 $01026797802 
208@/01 $a28-08-18 $be 
209A/01 $a/ $f000 $x00 
209A/01 $ab*p $x01 
220C/01 $apgar 
244Z/01 $#Litauen $#Litauen $#Lithuania $#Lietuvos Respublika $#République Lithuanienne $#Lithuanie $#Litva 1918 - 1940, 1991, 9 - $#Litovskaja Respublika $#Lithuania 1918 - 1940, 1991, 9 - $#Republik Litauen $#Republic of Lithuania $#Lithuanian Republic $#Litauische Republik $#Lietuva $74074266-0 $8--Tg1--Litauen $x01 $9085209074 
244Z/01 $#Generalgouvernement Polen $#Polska $#Rzeczpospolita Polska $#Polska Rzeczpospolita Ludowa $#Poland $#Pologne $#République Polonaise $#Generalne Gubernatorstwo w Polsce $#Polish People's Republic $#Polska Rzeczpospolita Polen $#PRL $#RP $#Polen Generalgouvernement $#Polska Generalgouvernement $#Besetzte Polnische Gebiete $#Besetztes Gebiet in Polen $#Okupowane Polskie Obszary $#Obszary Okupowane w Polsce $#Volksrepublik Polen $#Polska Rosyjska $#Republic Polen $#Respublika Pol'ša $#Pol'skaja Narodnaja Respublika $#République de Pologne $#Polen Links der Weichsel $#Polska po Lewej Stronie Wisły $#Lenkija $#Polija $#Gubernija Carstva Pol'skago $#Republik Polen $74046496-9 $8--Tg1--Polen $x02 $9085129801 
247C/01 $82080>Marburg/Lahn, Herder-Institut, Forschungsbibliothek, Bibliographieportal $9336309341
LEADER 00000cam a2200000 c 4500
001 381932648
003 DE-603
005 20230609230557.0
007 tu
008 160624s2015 xx |||| | u00||u|pol c
020 |a 8372999503 
020 |a 9788372999504 
035 |a (DE-599)HEB381932648 
040 |a DE-603  |b ger  |c DE-603  |d DE-603  |e rda 
041 |a pol 
082 0 4 |8 1\u  |a 900.943809034  |q DE-101  |2 23/BSB 
085 |8 1\u  |b 900 
085 |8 1\u  |z 1  |s 09034 
085 |8 1\u  |z 1  |s 09041 
085 |8 1\u  |z 2  |s 438 
100 1 |a Jurkowski, Roman  |d 1956-  |0 (DE-603)400729547  |0 (DE-588)1128237482  |2 gnd 
245 0 0 |a Kowieński marszałek, grodzieński gubernator  |b kresowe początki kariery politycznej Piotra Stołypina (1889-1903)  |c Roman Jurkowski 
264 1 |a Olsztyn  |b Wydawnictwo Uniwersytetu Warmińsko-Mazurskiego  |c 2015 
300 |a 615 Seiten  |c 25 cm 
336 |a Text  |b txt  |2 rdacontent 
337 |a ohne Hilfsmittel zu benutzen  |b n  |2 rdamedia 
338 |a Band  |b nc  |2 rdacarrier 
500 |a Litauische und russische Zusammenfassung 
600 1 7 |a Stolypin, Pëtr Arkadʹevič  |d 1862-1911  |0 (DE-588)118618636  |0 (DE-603)086959581  |2 gnd 
648 7 |a Geschichte 1889-1903  |2 gnd 
650 7 |a Politiker  |0 (DE-588)4046517-2  |0 (DE-603)085129852  |2 gnd 
650 7 |a Beamter  |0 (DE-588)4005081-6  |0 (DE-603)085005568  |2 gnd 
651 7 |a Kaunas  |0 (DE-588)4217158-1  |0 (DE-603)086119346  |2 gnd 
651 7 |a Grodno  |g Gouvernement  |0 (DE-588)4533466-3  |0 (DE-603)089387007  |2 gnd 
856 4 2 |m V:DE-603;B:DE-Mb50  |q application/pdf  |u http://scans.hebis.de/HEBCGI/show.pl?38193264_toc.pdf  |3 Inhaltsverzeichnis 
924 0 |9 Mb 50  |a (DE-603)776615521  |b DE-Mb50  |c HES  |d c  |g 16.06129 
924 0 |9 2080  |a (DE-603)1026797802  |b DE-2080  |c HES  |d d  |g /